[Event "DEM U14w 2024"]
[Site "Willingen GER"]
[Date "2024.05.21"]
[Round "4"]
[White "Richter, Johanna"]
[Black "Kutz, Ida Klara"]
[Result "1-0"]
[Termination "normal"]
[Board "5"]
[WhiteElo "1741"]
[BlackElo "1690"]
[WhiteClock "00:35:48"]
[BlackClock "00:19:08"]
[PlyCount "75"]
[WhiteFideId "16278925"]
[BlackFideId "16296257"]
[EventCountry "GER"]
[EventRounds "9"]
[EventType "swiss"]
[EventDate "2024.05.18"]

1. d4 {[%clk 01:30:59]} {[%emt 13:16:36]} Nf6 {[%clk 01:30:50]} {[%emt
00:00:09]} 2. c4 {[%clk 01:31:23]} {[%emt 00:00:07]} g6 {[%clk 01:31:05]}
{[%emt 00:00:14]} 3. Nc3 {[%clk 01:31:51]} {[%emt 00:00:02]} Bg7 {[%clk
01:31:28]} {[%emt 00:00:07]} 4. e4 {[%clk 01:32:19]} {[%emt 00:00:03]} d6
{[%clk 01:31:55]} {[%emt 00:00:03]} 5. Be2 {[%clk 01:32:45]} {[%emt 00:00:04]}
O-O {[%clk 01:32:01]} {[%emt 00:00:23]} 6. Be3 {[%clk 01:33:12]} {[%emt
00:00:04]} c5 {[%clk 01:32:21]} {[%emt 00:00:10]} 7. d5 {[%clk 01:33:38]}
{[%emt 00:00:04]} e6 {[%clk 01:32:47]} {[%emt 00:00:04]} 8. Nf3 {[%clk
01:34:03]} {[%emt 00:00:05]} exd5 {[%clk 01:32:51]} {[%emt 00:00:25]} 9. cxd5
{[%clk 01:34:23]} {[%emt 00:00:10]} Qa5 {[%clk 01:32:34]} {[%emt 00:00:48]} 10.
Nd2 {[%clk 01:29:13]} {[%emt 00:05:40]} Qb4 {[%clk 01:28:15]} {[%emt 00:04:49]}
11. Rb1 {[%clk 01:19:41]} {[%emt 00:10:02]} Re8 {[%clk 01:20:55]} {[%emt
00:07:50]} 12. a3 {[%clk 01:15:32]} {[%emt 00:04:40]} Qa5 {[%clk 01:20:11]}
{[%emt 00:01:13]} 13. f3 {[%clk 01:13:05]} {[%emt 00:02:57]} a6 {[%clk
01:10:47]} {[%emt 00:09:54]} 14. Nc4 {[%clk 01:08:16]} {[%emt 00:05:19]} Qd8
{[%clk 01:10:23]} {[%emt 00:00:53]} 15. a4 {[%clk 01:06:46]} {[%emt 00:02:01]}
Nh5 {[%clk 01:04:24]} {[%emt 00:06:29]} 16. g4 {[%clk 01:02:13]} {[%emt
00:05:03]} Nf6 {[%clk 00:55:19]} {[%emt 00:09:35]} 17. h4 {[%clk 01:01:20]}
{[%emt 00:01:22]} h5 {[%clk 00:53:25]} {[%emt 00:02:25]} 18. g5 {[%clk
01:01:18]} {[%emt 00:00:32]} Nh7 {[%clk 00:52:06]} {[%emt 00:01:49]} 19. Bf4
{[%clk 00:59:52]} {[%emt 00:01:55]} f6 {[%clk 00:44:45]} {[%emt 00:07:52]} 20.
Qd2 {[%clk 00:54:07]} {[%emt 00:06:15]} fxg5 {[%clk 00:41:03]} {[%emt
00:04:12]} 21. hxg5 {[%clk 00:54:11]} {[%emt 00:00:26]} Bxc3 {[%clk 00:40:21]}
{[%emt 00:01:12]} 22. bxc3 {[%clk 00:54:30]} {[%emt 00:00:10]} b5 {[%clk
00:40:22]} {[%emt 00:00:29]} 23. axb5 {[%clk 00:53:36]} {[%emt 00:01:24]} axb5
{[%clk 00:40:46]} {[%emt 00:00:07]} 24. Nxd6 {[%clk 00:53:31]} {[%emt
00:00:35]} Rf8 {[%clk 00:38:34]} {[%emt 00:02:42]} 25. Nxb5 {[%clk 00:51:12]}
{[%emt 00:02:49]} Ba6 {[%clk 00:35:51]} {[%emt 00:03:12]} 26. Nc7 {[%clk
00:50:56]} {[%emt 00:00:46]} Bxe2 {[%clk 00:31:07]} {[%emt 00:05:13]} 27. Kxe2
{[%clk 00:50:53]} {[%emt 00:00:33]} Nd7 {[%clk 00:27:40]} {[%emt 00:03:57]} 28.
Nxa8 {[%clk 00:50:26]} {[%emt 00:00:58]} Qxa8 {[%clk 00:28:02]} {[%emt
00:00:08]} 29. e5 {[%clk 00:48:29]} {[%emt 00:02:27]} Nxg5 {[%clk 00:23:43]}
{[%emt 00:04:48]} 30. Bxg5 {[%clk 00:42:49]} {[%emt 00:06:10]} Nxe5 {[%clk
00:23:54]} {[%emt 00:00:19]} 31. f4 {[%clk 00:41:25]} {[%emt 00:01:55]} Qa6+
{[%clk 00:23:38]} {[%emt 00:00:46]} 32. Kf2 {[%clk 00:39:41]} {[%emt 00:02:06]}
Nf7 {[%clk 00:21:06]} {[%emt 00:03:09]} 33. Be7 {[%clk 00:38:13]} {[%emt
00:01:57]} Nd6 {[%clk 00:20:25]} {[%emt 00:01:13]} 34. Bxd6 {[%clk 00:36:36]}
{[%emt 00:02:07]} Qxd6 {[%clk 00:20:48]} {[%emt 00:00:07]} 35. Kf3 {[%clk
00:36:38]} {[%emt 00:00:27]} g5 {[%clk 00:20:38]} {[%emt 00:00:40]} 36. Rbg1
{[%clk 00:35:55]} {[%emt 00:01:13]} g4+ {[%clk 00:20:19]} {[%emt 00:00:50]} 37.
Kg3 {[%clk 00:35:54]} {[%emt 00:00:24]} Rf5 {[%clk 00:19:08]} {[%emt 00:01:46]}
38. c4 {[%clk 00:35:48]} {[%emt 00:00:38]} 1-0

[Event "DEM U14w 2024"]
[Site "Willingen GER"]
[Date "2024.05.21"]
[Round "4"]
[White "Neininger, Sarah"]
[Black "Fischermann, Charlotte"]
[Result "1-0"]
[Termination "normal"]
[Board "6"]
[WhiteElo "1744"]
[BlackElo "1622"]
[WhiteClock "01:08:52"]
[BlackClock "00:46:12"]
[PlyCount "109"]
[WhiteFideId "16287410"]
[BlackFideId "34619690"]
[EventCountry "GER"]
[EventRounds "9"]
[EventType "swiss"]
[EventDate "2024.05.18"]

1. e4 {[%clk 01:30:58]} {[%emt 00:00:02]} e5 {[%clk 01:30:46]} {[%emt
00:00:15]} 2. Nc3 {[%clk 01:31:22]} {[%emt 00:00:06]} Nf6 {[%clk 01:31:09]}
{[%emt 00:00:07]} 3. f4 {[%clk 01:31:45]} {[%emt 00:00:06]} d5 {[%clk
01:31:12]} {[%emt 00:00:27]} 4. fxe5 {[%clk 01:32:07]} {[%emt 00:00:08]} Nxe4
{[%clk 01:31:30]} {[%emt 00:00:12]} 5. Qf3 {[%clk 01:32:25]} {[%emt 00:00:11]}
Nxc3 {[%clk 01:30:45]} {[%emt 00:01:16]} 6. dxc3 {[%clk 01:32:45]} {[%emt
00:00:10]} Qh4+ {[%clk 01:30:16]} {[%emt 00:00:59]} 7. g3 {[%clk 01:33:09]}
{[%emt 00:00:07]} Qe4+ {[%clk 01:30:09]} {[%emt 00:00:36]} 8. Qxe4 {[%clk
01:33:32]} {[%emt 00:00:07]} dxe4 {[%clk 01:30:31]} {[%emt 00:00:09]} 9. Bf4
{[%clk 01:33:35]} {[%emt 00:00:26]} g6 {[%clk 01:25:32]} {[%emt 00:05:30]} 10.
O-O-O {[%clk 01:33:39]} {[%emt 00:00:25]} Bg7 {[%clk 01:25:23]} {[%emt
00:00:39]} 11. Bg2 {[%clk 01:33:23]} {[%emt 00:00:45]} Bf5 {[%clk 01:23:33]}
{[%emt 00:02:20]} 12. Ne2 {[%clk 01:31:07]} {[%emt 00:02:46]} Nc6 {[%clk
01:22:55]} {[%emt 00:01:09]} 13. e6 {[%clk 01:28:03]} {[%emt 00:03:34]} Be5
{[%clk 01:19:22]} {[%emt 00:04:04]} 14. exf7+ {[%clk 01:26:53]} {[%emt
00:01:39]} Kxf7 {[%clk 01:19:17]} {[%emt 00:00:35]} 15. Bxe5 {[%clk 01:26:58]}
{[%emt 00:00:25]} Nxe5 {[%clk 01:19:20]} {[%emt 00:00:27]} 16. Nd4 {[%clk
01:26:20]} {[%emt 00:01:07]} Rhe8 {[%clk 01:12:05]} {[%emt 00:07:46]} 17. Rhf1
{[%clk 01:25:25]} {[%emt 00:01:22]} Ng4 {[%clk 01:07:08]} {[%emt 00:05:30]} 18.
Nxf5 {[%clk 01:21:15]} {[%emt 00:04:40]} gxf5 {[%clk 01:07:24]} {[%emt
00:00:14]} 19. Rxf5+ {[%clk 01:18:43]} {[%emt 00:03:02]} Kg6 {[%clk 01:07:31]}
{[%emt 00:00:23]} 20. Rf4 {[%clk 01:18:48]} {[%emt 00:00:20]} Ne3 {[%clk
01:06:36]} {[%emt 00:01:30]} 21. Bxe4+ {[%clk 01:17:22]} {[%emt 00:01:56]} Rxe4
{[%clk 01:06:12]} {[%emt 00:00:54]} 22. Rxe4 {[%clk 01:17:44]} {[%emt
00:00:08]} Nxd1 {[%clk 01:06:38]} {[%emt 00:00:04]} 23. Kxd1 {[%clk 01:18:07]}
{[%emt 00:00:07]} Rd8+ {[%clk 01:06:39]} {[%emt 00:00:29]} 24. Ke2 {[%clk
01:17:46]} {[%emt 00:00:50]} Rd7 {[%clk 01:06:47]} {[%emt 00:00:22]} 25. Rd4
{[%clk 01:17:28]} {[%emt 00:00:48]} Rf7 {[%clk 01:05:45]} {[%emt 00:01:32]} 26.
Rg4+ {[%clk 01:16:46]} {[%emt 00:01:11]} Kh5 {[%clk 01:05:26]} {[%emt
00:00:51]} 27. Ra4 {[%clk 01:16:43]} {[%emt 00:00:29]} a6 {[%clk 01:05:08]}
{[%emt 00:00:52]} 28. Rb4 {[%clk 01:17:06]} {[%emt 00:00:07]} c6 {[%clk
01:04:20]} {[%emt 00:01:19]} 29. Rf4 {[%clk 01:16:50]} {[%emt 00:00:45]} Re7+
{[%clk 01:04:02]} {[%emt 00:00:48]} 30. Kf3 {[%clk 01:15:59]} {[%emt 00:01:21]}
Rd7 {[%clk 01:03:49]} {[%emt 00:00:41]} 31. g4+ {[%clk 01:15:35]} {[%emt
00:00:56]} Kg5 {[%clk 01:03:09]} {[%emt 00:01:10]} 32. Rd4 {[%clk 01:15:09]}
{[%emt 00:00:56]} Rf7+ {[%clk 01:02:42]} {[%emt 00:00:56]} 33. Kg3 {[%clk
01:15:26]} {[%emt 00:00:08]} Kg6 {[%clk 01:02:35]} {[%emt 00:00:42]} 34. h4
{[%clk 01:15:38]} {[%emt 00:00:19]} Re7 {[%clk 01:02:27]} {[%emt 00:00:37]} 35.
Rd6+ {[%clk 01:15:25]} {[%emt 00:00:44]} Kg7 {[%clk 01:02:11]} {[%emt
00:00:45]} 36. Rd2 {[%clk 01:15:48]} {[%emt 00:00:08]} Rf7 {[%clk 01:01:34]}
{[%emt 00:01:06]} 37. g5 {[%clk 01:15:29]} {[%emt 00:00:50]} Re7 {[%clk
00:58:59]} {[%emt 00:03:05]} 38. Kf4 {[%clk 01:15:11]} {[%emt 00:00:46]} Rf7+
{[%clk 00:58:24]} {[%emt 00:01:07]} 39. Kg4 {[%clk 01:15:34]} {[%emt 00:00:07]}
Re7 {[%clk 00:55:56]} {[%emt 00:02:59]} 40. h5 {[%clk 01:14:46]} {[%emt
00:01:17]} Kf7 {[%clk 00:55:09]} {[%emt 00:01:17]} 41. Rd6 {[%clk 01:14:17]}
{[%emt 00:01:00]} Kg7 {[%clk 00:52:23]} {[%emt 00:03:15]} 42. g6 {[%clk
01:12:50]} {[%emt 00:01:55]} Kh6 {[%clk 00:48:49]} {[%emt 00:04:06]} 43. gxh7+
{[%clk 01:10:06]} {[%emt 00:03:14]} Kxh7 {[%clk 00:49:07]} {[%emt 00:00:12]}
44. Kg5 {[%clk 01:09:05]} {[%emt 00:01:28]} Rg7+ {[%clk 00:47:20]} {[%emt
00:02:19]} 45. Rg6 {[%clk 01:09:03]} {[%emt 00:00:33]} Rf7 {[%clk 00:46:40]}
{[%emt 00:01:09]} 46. h6 {[%clk 01:08:58]} {[%emt 00:00:36]} Kh8 {[%clk
00:46:27]} {[%emt 00:00:42]} 47. Rf6 {[%clk 01:08:35]} {[%emt 00:00:53]} Rc7
{[%clk 00:46:15]} {[%emt 00:00:42]} 48. Kg6 {[%clk 01:08:49]} {[%emt 00:00:16]}
Rc8 {[%clk 00:46:24]} {[%emt 00:00:22]} 49. Rf7 {[%clk 01:08:18]} {[%emt
00:00:58]} Rb8 {[%clk 00:45:35]} {[%emt 00:01:23]} 50. h7 {[%clk 01:07:43]}
{[%emt 00:01:03]} a5 {[%clk 00:45:14]} {[%emt 00:00:51]} 51. Rg7 {[%clk
01:07:24]} {[%emt 00:00:47]} b6 {[%clk 00:45:12]} {[%emt 00:00:35]} 52. Rg8+
{[%clk 01:07:44]} {[%emt 00:00:10]} Rxg8+ {[%clk 00:45:33]} {[%emt 00:00:10]}
53. hxg8=Q+ {[%clk 01:08:05]} {[%emt 00:00:08]} Kxg8 {[%clk 00:45:59]} {[%emt
00:00:03]} 54. Kf6 {[%clk 01:08:27]} {[%emt 00:00:09]} Kf8 {[%clk 00:46:12]}
{[%emt 00:00:18]} 55. Ke6 {[%clk 01:08:52]} {[%emt 00:00:04]} 1-0

[Event "DEM U14w 2024"]
[Site "Willingen GER"]
[Date "2024.05.21"]
[Round "4"]
[White "Prokscha, Charlotte"]
[Black "Bauer, Laura Sophie"]
[Result "1/2-1/2"]
[Termination "normal"]
[Board "7"]
[WhiteElo "1666"]
[BlackElo "1874"]
[WhiteClock "00:16:44"]
[BlackClock "00:33:23"]
[PlyCount "46"]
[WhiteFideId "34614699"]
[BlackFideId "16253647"]
[EventCountry "GER"]
[EventRounds "9"]
[EventType "swiss"]
[EventDate "2024.05.18"]

1. d4 {[%clk 01:30:37]} {[%emt 00:00:22]} d5 {[%clk 01:30:42]} {[%emt
00:00:18]} 2. c4 {[%clk 01:30:13]} {[%emt 00:00:54]} e6 {[%clk 01:28:13]}
{[%emt 00:03:00]} 3. cxd5 {[%clk 01:30:14]} {[%emt 00:00:28]} exd5 {[%clk
01:28:37]} {[%emt 00:00:07]} 4. Bf4 {[%clk 01:30:03]} {[%emt 00:00:41]} Nf6
{[%clk 01:28:40]} {[%emt 00:00:26]} 5. e3 {[%clk 01:30:02]} {[%emt 00:00:31]}
c6 {[%clk 01:27:38]} {[%emt 00:01:33]} 6. Bd3 {[%clk 01:29:30]} {[%emt
00:01:01]} Nbd7 {[%clk 01:26:38]} {[%emt 00:01:31]} 7. Nf3 {[%clk 01:29:13]}
{[%emt 00:00:46]} Bb4+ {[%clk 01:25:32]} {[%emt 00:01:37]} 8. Nbd2 {[%clk
01:27:42]} {[%emt 00:02:00]} O-O {[%clk 01:25:08]} {[%emt 00:00:55]} 9. O-O
{[%clk 01:27:09]} {[%emt 00:01:02]} Re8 {[%clk 01:24:05]} {[%emt 00:01:32]} 10.
h3 {[%clk 01:25:21]} {[%emt 00:02:19]} Ne4 {[%clk 01:19:05]} {[%emt 00:05:31]}
11. a3 {[%clk 01:20:53]} {[%emt 00:04:57]} Bf8 {[%clk 01:09:38]} {[%emt
00:09:57]} 12. b4 {[%clk 01:09:54]} {[%emt 00:11:29]} a6 {[%clk 01:07:40]}
{[%emt 00:02:29]} 13. Qc2 {[%clk 01:04:06]} {[%emt 00:06:11]} Ndf6 {[%clk
01:05:01]} {[%emt 00:03:15]} 14. Nb3 {[%clk 00:42:58]} {[%emt 00:21:37]} h6
{[%clk 01:00:30]} {[%emt 00:05:02]} 15. Nfd2 {[%clk 00:36:25]} {[%emt
00:07:03]} Bd6 {[%clk 00:58:45]} {[%emt 00:02:15]} 16. Bxd6 {[%clk 00:35:25]}
{[%emt 00:01:30]} Nxd6 {[%clk 00:55:55]} {[%emt 00:03:20]} 17. Rac1 {[%clk
00:30:46]} {[%emt 00:05:08]} Bd7 {[%clk 00:50:24]} {[%emt 00:06:02]} 18. Nc5
{[%clk 00:28:38]} {[%emt 00:02:38]} Qc8 {[%clk 00:49:24]} {[%emt 00:01:30]} 19.
Nxd7 {[%clk 00:26:27]} {[%emt 00:02:40]} Qxd7 {[%clk 00:46:14]} {[%emt
00:03:40]} 20. Nb3 {[%clk 00:26:39]} {[%emt 00:00:17]} Qe7 {[%clk 00:40:41]}
{[%emt 00:06:05]} 21. Na5 {[%clk 00:22:48]} {[%emt 00:04:20]} Rac8 {[%clk
00:34:39]} {[%emt 00:06:33]} 22. Qc5 {[%clk 00:17:43]} {[%emt 00:05:31]} Qd8
{[%clk 00:33:23]} {[%emt 00:01:50]} 23. Qc2 {[%clk 00:16:44]} {[%emt 00:01:28]}
Qe7 {[%emt 00:06:18]} 1/2-1/2

[Event "DEM U14w 2024"]
[Site "Willingen GER"]
[Date "2024.05.21"]
[Round "4"]
[White "Neumeier, Valentina"]
[Black "Mehner, Clara"]
[Result "1-0"]
[Termination "normal"]
[Board "8"]
[WhiteElo "1805"]
[BlackElo "1647"]
[WhiteClock "00:04:32"]
[BlackClock "00:01:22"]
[PlyCount "65"]
[WhiteFideId "34608222"]
[BlackFideId "34612165"]
[EventCountry "GER"]
[EventRounds "9"]
[EventType "swiss"]
[EventDate "2024.05.18"]

1. e4 {[%clk 01:30:59]} e6 {[%clk 01:30:54]} {[%emt 00:00:07]} 2. d3 {[%clk
01:31:25]} {[%emt 00:00:04]} d5 {[%clk 01:31:08]} {[%emt 00:00:16]} 3. Nd2
{[%clk 01:31:50]} {[%emt 00:00:05]} Nf6 {[%clk 01:30:58]} {[%emt 00:00:40]} 4.
Ngf3 {[%clk 01:32:11]} {[%emt 00:00:08]} c5 {[%clk 01:30:46]} {[%emt 00:00:42]}
5. g3 {[%clk 01:32:05]} {[%emt 00:00:36]} Nc6 {[%clk 01:30:08]} {[%emt
00:01:08]} 6. Bg2 {[%clk 01:32:06]} {[%emt 00:00:29]} Be7 {[%clk 01:29:26]}
{[%emt 00:01:12]} 7. O-O {[%clk 01:32:22]} {[%emt 00:00:15]} O-O {[%clk
01:28:58]} {[%emt 00:00:58]} 8. Re1 {[%clk 01:32:30]} {[%emt 00:00:21]} b5
{[%clk 01:26:35]} {[%emt 00:02:53]} 9. e5 {[%clk 01:30:08]} {[%emt 00:02:53]}
Nd7 {[%clk 01:24:43]} {[%emt 00:02:21]} 10. Nf1 {[%clk 01:28:44]} {[%emt
00:01:54]} b4 {[%clk 01:22:12]} {[%emt 00:03:01]} 11. h4 {[%clk 01:27:28]}
{[%emt 00:01:47]} a5 {[%clk 01:20:33]} {[%emt 00:02:08]} 12. N1h2 {[%clk
01:20:34]} {[%emt 00:07:24]} Ba6 {[%clk 01:15:21]} {[%emt 00:05:42]} 13. Ng4
{[%clk 01:12:18]} {[%emt 00:08:46]} a4 {[%clk 01:07:11]} {[%emt 00:08:41]} 14.
a3 {[%clk 01:06:29]} {[%emt 00:06:19]} bxa3 {[%clk 01:03:41]} {[%emt 00:03:59]}
15. Rxa3 {[%clk 01:04:27]} {[%emt 00:02:32]} c4 {[%clk 01:02:57]} {[%emt
00:01:14]} 16. Ra1 {[%clk 00:57:42]} {[%emt 00:07:16]} cxd3 {[%clk 00:53:28]}
{[%emt 00:09:59]} 17. cxd3 {[%clk 00:54:08]} {[%emt 00:04:03]} Nb6 {[%clk
00:48:59]} {[%emt 00:04:59]} 18. h5 {[%clk 00:43:35]} {[%emt 00:11:04]} h6
{[%clk 00:39:06]} {[%emt 00:10:22]} 19. Bf4 {[%clk 00:32:48]} {[%emt 00:11:17]}
Rc8 {[%clk 00:33:42]} {[%emt 00:05:54]} 20. Rc1 {[%clk 00:24:55]} {[%emt
00:08:23]} Nb4 {[%clk 00:30:54]} {[%emt 00:03:19]} 21. Rxc8 {[%clk 00:21:50]}
{[%emt 00:03:35]} Qxc8 {[%clk 00:30:51]} {[%emt 00:00:33]} 22. Bf1 {[%clk
00:20:12]} {[%emt 00:02:08]} Qc6 {[%clk 00:21:53]} {[%emt 00:09:27]} 23. Nd4
{[%clk 00:15:35]} {[%emt 00:05:07]} Qc7 {[%clk 00:19:56]} {[%emt 00:02:26]} 24.
Qd2 {[%clk 00:15:02]} {[%emt 00:01:04]} f5 {[%clk 00:07:06]} {[%emt 00:13:20]}
25. exf6 {[%clk 00:12:23]} {[%emt 00:03:09]} Qd7 {[%clk 00:06:07]} {[%emt
00:01:28]} 26. fxe7 {[%clk 00:11:49]} {[%emt 00:01:05]} Qxe7 {[%clk 00:06:16]}
{[%emt 00:00:21]} 27. Rxe6 {[%clk 00:11:15]} {[%emt 00:01:03]} Qc5 {[%clk
00:06:22]} {[%emt 00:00:24]} 28. Qe3 {[%clk 00:08:27]} {[%emt 00:03:19]} Nc8
{[%clk 00:05:09]} {[%emt 00:01:43]} 29. Nxh6+ {[%clk 00:05:09]} {[%emt
00:03:49]} gxh6 {[%clk 00:04:25]} {[%emt 00:01:13]} 30. Bxh6 {[%clk 00:04:39]}
{[%emt 00:01:00]} Qc7 {[%clk 00:02:22]} {[%emt 00:02:33]} 31. Qg5+ {[%clk
00:04:13]} {[%emt 00:00:56]} Kh8 {[%clk 00:01:45]} {[%emt 00:01:07]} 32. Bxf8
{[%clk 00:04:19]} {[%emt 00:00:24]} Qh7 {[%clk 00:01:22]} {[%emt 00:00:52]} 33.
Rh6 {[%clk 00:04:32]} {[%emt 00:00:17]} 1-0

[Event "DEM U14w 2024"]
[Site "Willingen GER"]
[Date "2024.05.21"]
[Round "4"]
[White "Chandrasekher, Ritu"]
[Black "Funke, Luise"]
[Result "1-0"]
[Termination "normal"]
[Board "10"]
[WhiteElo "1633"]
[BlackElo "1330"]
[WhiteClock "01:19:25"]
[BlackClock "01:23:30"]
[PlyCount "31"]
[WhiteFideId "34609024"]
[BlackFideId "34623752"]
[EventCountry "GER"]
[EventRounds "9"]
[EventType "swiss"]
[EventDate "2024.05.18"]

1. e4 {[%clk 01:30:58]} {[%emt 00:00:01]} e5 {[%clk 01:30:55]} {[%emt
00:00:05]} 2. Nf3 {[%clk 01:31:15]} {[%emt 00:00:13]} Nc6 {[%clk 01:31:20]}
{[%emt 00:00:05]} 3. d4 {[%clk 01:31:31]} {[%emt 00:00:14]} exd4 {[%clk
01:31:43]} {[%emt 00:00:07]} 4. Bc4 {[%clk 01:31:47]} {[%emt 00:00:14]} Nf6
{[%clk 01:32:02]} {[%emt 00:00:11]} 5. e5 {[%clk 01:32:04]} {[%emt 00:00:13]}
d5 {[%clk 01:32:25]} {[%emt 00:00:06]} 6. Bb5 {[%clk 01:32:16]} {[%emt
00:00:19]} Nd7 {[%clk 01:32:43]} {[%emt 00:00:11]} 7. O-O {[%clk 01:31:25]}
{[%emt 00:01:21]} Be7 {[%clk 01:33:04]} {[%emt 00:00:09]} 8. Re1 {[%clk
01:30:31]} {[%emt 00:01:26]} O-O {[%clk 01:32:19]} {[%emt 00:01:15]} 9. Bxc6
{[%clk 01:29:09]} {[%emt 00:01:52]} bxc6 {[%clk 01:32:39]} {[%emt 00:00:10]}
10. Nxd4 {[%clk 01:29:28]} {[%emt 00:00:11]} Nb8 {[%clk 01:32:49]} {[%emt
00:00:19]} 11. Nc3 {[%clk 01:27:57]} {[%emt 00:02:01]} c5 {[%clk 01:30:17]}
{[%emt 00:03:02]} 12. Nf3 {[%clk 01:25:38]} {[%emt 00:02:49]} d4 {[%clk
01:28:53]} {[%emt 00:01:54]} 13. Ne4 {[%clk 01:24:18]} {[%emt 00:01:50]} Bg4
{[%clk 01:26:56]} {[%emt 00:02:26]} 14. Qd3 {[%clk 01:22:34]} {[%emt 00:02:14]}
Nc6 {[%clk 01:26:15]} {[%emt 00:01:10]} 15. Neg5 {[%clk 01:19:09]} {[%emt
00:03:56]} h6 {[%clk 01:23:30]} {[%emt 00:03:15]} 16. Qh7# {[%clk 01:19:25]}
{[%emt 00:00:15]} 1-0

[Event "DEM U14w 2024"]
[Site "Willingen GER"]
[Date "2024.05.21"]
[Round "4"]
[White "Abram, Kristina-Maria"]
[Black "Vogt, Luna"]
[Result "0-1"]
[Termination "normal"]
[Board "11"]
[WhiteElo "1482"]
[BlackElo "1666"]
[WhiteClock "00:58:26"]
[BlackClock "00:25:00"]
[PlyCount "62"]
[WhiteFideId "16298349"]
[BlackFideId "34607153"]
[EventCountry "GER"]
[EventRounds "9"]
[EventType "swiss"]
[EventDate "2024.05.18"]

1. e4 {[%clk 01:30:58]} {[%emt 00:00:01]} d6 {[%clk 01:30:53]} {[%emt
00:00:07]} 2. d4 {[%clk 01:30:54]} {[%emt 00:00:34]} Nf6 {[%clk 01:31:14]}
{[%emt 00:00:10]} 3. Nc3 {[%clk 01:31:16]} {[%emt 00:00:08]} Nbd7 {[%clk
01:31:09]} {[%emt 00:00:35]} 4. Nf3 {[%clk 01:31:22]} {[%emt 00:00:24]} e5
{[%clk 01:31:17]} {[%emt 00:00:22]} 5. dxe5 {[%clk 01:31:10]} {[%emt 00:00:42]}
dxe5 {[%clk 01:31:39]} {[%emt 00:00:09]} 6. Bc4 {[%clk 01:31:17]} {[%emt
00:00:21]} h6 {[%clk 01:31:36]} {[%emt 00:00:33]} 7. O-O {[%clk 01:30:25]}
{[%emt 00:01:22]} Be7 {[%clk 01:31:22]} {[%emt 00:00:45]} 8. Be3 {[%clk
01:29:44]} {[%emt 00:01:11]} c6 {[%clk 01:30:50]} {[%emt 00:01:01]} 9. Qd2
{[%clk 01:27:20]} {[%emt 00:02:55]} Qc7 {[%clk 01:29:48]} {[%emt 00:01:31]} 10.
Rad1 {[%clk 01:26:34]} {[%emt 00:01:16]} Ng4 {[%clk 01:27:41]} {[%emt
00:02:36]} 11. Rfe1 {[%clk 01:24:56]} {[%emt 00:02:08]} Nxe3 {[%clk 01:27:46]}
{[%emt 00:00:26]} 12. Qxe3 {[%clk 01:24:44]} {[%emt 00:00:43]} O-O {[%clk
01:26:59]} {[%emt 00:01:17]} 13. Ne2 {[%clk 01:23:29]} {[%emt 00:01:45]} Nc5
{[%clk 01:23:04]} {[%emt 00:04:25]} 14. h3 {[%clk 01:21:20]} {[%emt 00:02:38]}
b5 {[%clk 01:18:43]} {[%emt 00:04:50]} 15. Bb3 {[%clk 01:20:40]} {[%emt
00:01:06]} a5 {[%clk 01:15:48]} {[%emt 00:03:30]} 16. a3 {[%clk 01:19:45]}
{[%emt 00:01:25]} Nxb3 {[%clk 01:14:01]} {[%emt 00:02:17]} 17. Qxb3 {[%clk
01:19:52]} {[%emt 00:00:24]} Be6 {[%clk 01:11:15]} {[%emt 00:03:15]} 18. Qc3
{[%clk 01:17:55]} {[%emt 00:02:25]} f6 {[%clk 01:10:14]} {[%emt 00:01:34]} 19.
Nd2 {[%clk 01:16:35]} {[%emt 00:01:50]} Qb6 {[%clk 01:06:32]} {[%emt 00:04:11]}
20. Qg3 {[%clk 01:15:39]} {[%emt 00:01:20]} a4 {[%clk 01:00:48]} {[%emt
00:06:20]} 21. c3 {[%clk 01:12:03]} {[%emt 00:04:06]} Rfd8 {[%clk 00:58:08]}
{[%emt 00:03:09]} 22. Kf1 {[%clk 01:09:35]} {[%emt 00:02:58]} Rd7 {[%clk
00:55:59]} {[%emt 00:02:39]} 23. Nf3 {[%clk 01:05:54]} {[%emt 00:04:06]} Rad8
{[%clk 00:54:18]} {[%emt 00:02:16]} 24. Rxd7 {[%clk 01:05:45]} {[%emt
00:00:40]} Rxd7 {[%clk 00:54:42]} {[%emt 00:00:06]} 25. Nh4 {[%clk 01:05:05]}
{[%emt 00:01:09]} Bc5 {[%clk 00:37:21]} {[%emt 00:17:49]} 26. b4 {[%clk
01:01:14]} {[%emt 00:04:23]} axb3 {[%clk 00:36:44]} {[%emt 00:01:08]} 27. Qg6
{[%clk 00:58:05]} {[%emt 00:03:37]} Bf7 {[%clk 00:32:15]} {[%emt 00:05:01]} 28.
Qf5 {[%clk 00:58:23]} {[%emt 00:00:12]} Qd8 {[%clk 00:31:03]} {[%emt 00:01:42]}
29. f4 {[%clk 00:58:01]} {[%emt 00:00:52]} Rd1 {[%clk 00:25:40]} {[%emt
00:05:53]} 30. fxe5 {[%clk 00:58:10]} {[%emt 00:00:21]} Rxe1+ {[%clk 00:25:32]}
{[%emt 00:00:38]} 31. Kxe1 {[%clk 00:58:26]} {[%emt 00:00:13]} b2 {[%clk
00:25:00]} {[%emt 00:01:03]} 0-1